| 000 | 00464nam a2200181Ia 4500 | ||
|---|---|---|---|
| 008 | 230524s9999 xx 000 0 und d | ||
| 020 | _a8120306538 | ||
| 082 |
_a612 _bCRO |
||
| 100 | _aLeslie Cromwell | ||
| 245 | 0 | _aBiomedical Instrumentation and Measurement | |
| 250 | _a2ND | ||
| 260 |
_aNEW DELHI _bPHI _c2005 |
||
| 300 | _aX;493 | ||
| 500 | _aQuantity Number: 9 | ||
| 650 | _aBiomedical | ||
| 700 | _a" Fred J.Weibell , E.A.Pfeiffer,,," | ||
| 942 | _cBK | ||
| 999 |
_c31257 _d31257 |
||